logo

Bir Sreshtho Munshi Abdur Rouf Library
Jhenaidah Cadet College

Persuasion / (Record no. 5112)

MARC details
000 -LEADER
fixed length control field 00997nam a2200301 a 4500
001 - CONTROL NUMBER
JCCL Control Number 5112
003 - CONTROL NUMBER IDENTIFIER
JCCL marc code BD-JhCC
005 - DATE AND TIME OF LATEST TRANSACTION
control field 20221025134021.0
008 - FIXED-LENGTH DATA ELEMENTS--GENERAL INFORMATION
fixed length control field 171209r19851965enk 000 mdeng d
020 ## - INTERNATIONAL STANDARD BOOK NUMBER
International Standard Book Number 0140430059
035 ## - SYSTEM CONTROL NUMBER
system control number (BD-JhCC)5112
040 ## - CATALOGING SOURCE
Original cataloging agency BD-JhCC
Modifying agency BD-JhCC
041 ## - LANGUAGE CODE
Language code of Book eng
082 ## - DEWEY DECIMAL CLASSIFICATION NUMBER
DDC Edition number 23
Classification number 823.7
Author mark and Year AUS 1985
100 1# - MAIN ENTRY--PERSONAL NAME
Personal name Austen, Jane,
Dates associated with a name 1775-1817.
245 10 - TITLE STATEMENT
Title Persuasion /
Statement of responsibility, etc Jane Austen. with A memoir of Jane Austen ; by J.E. Austen-Leigh ; edited with an introduction by D.W. Harding.
260 ## - PUBLICATION, DISTRIBUTION, ETC. (IMPRINT)
Place of publication, distribution, etc Harmondsworth :
Name of publisher, distributor, etc Penguin,
Date of publication, distribution, etc 1985, c1965.
300 ## - PHYSICAL DESCRIPTION
Pagination 399 p. ;
Dimensions 19 cm.
490 1# - SERIES STATEMENT
Series statement Penguin English library
500 ## - GENERAL NOTE
General note First published Penguin English Library, 1965.
650 ## - SUBJECT ADDED ENTRY--TOPICAL TERM
Topical term or geographic name as entry element Rejection (Psychology)
650 ## - SUBJECT ADDED ENTRY--TOPICAL TERM
Topical term or geographic name as entry element Manners and customs
650 ## - SUBJECT ADDED ENTRY--TOPICAL TERM
Topical term or geographic name as entry element Young women
700 1# - ADDED ENTRY--PERSONAL NAME
Personal name Harding, Denys Clement Wyatt,
Dates associated with a name 1906-
700 1# - ADDED ENTRY--PERSONAL NAME
Personal name Austen-Leigh, James Edward,
Dates associated with a name 1798-1874.
Title of a work Memoir of Jane Austen.
830 #0 - SERIES ADDED ENTRY--UNIFORM TITLE
Uniform title Penguin English library
942 ## - ADDED ENTRY ELEMENTS (KOHA)
Source of classification or shelving scheme Dewey Decimal Classification
Koha item type Books
Koha issues (borrowed), all copies 7
Holdings
Source of classification or shelving scheme Damaged status Not for loan Home library Current library Shelving location Date of accession Source of acquisition Cost, normal purchase price Total Checkouts Full call number Barcode Date last seen Date checked out Copy number Koha item type
Dewey Decimal Classification     JCC Rouf Library JCC Rouf Library General Stacks 12/09/2017 Stowe School Library 7.00 5 823.7 AUS 1985 6914 01/20/2025 12/12/2024 C-1 Books

JCC Library | Contacts | JCC Home

Last Update on 23 September 2017
Copyright @ 2017-2020 JCC Rouf Library
Rouf Library, Jhenidah Cadet College (JCC), Bangladesh